| Registos Bibliográficos associados ao registo de autoridade |
|
Etiqueta de registo: 00254nam 2200025 450 001 2275955 003 http://id.bnportugal.gov.pt/bib/catbnp/2275955 100 ## $a20260304d2025 k y0pory01030103ba 101 0# $aeng$dpor 102 ## $aPT 105 ## $ay m 000yy 106 ## $ar 200 1# $a The role of earnouts in mergers and acquisitions$fAntónio Pedro Almeida Antunes Coelho$gsupervisor Gilberto Ramos Loureiro 210 #9 $a[S.l.$cs.n.],$d2025 215 ## $aX, 139 p.$d30 cm 328 #1 $aTese dout. Business Administration, Escola de Economia e Gestão, Universidade do Minho,
2025 675 ## $a658.14/.17(043)$vBN$zpor$31220729 675 ## $a334.75(043)$vBN$zpor$31272007 700 #1 $aCoelho,$bAntónio Pedro Almeida Antunes $31989044 702 #1 $aLoureiro,$bGilberto Ramos$4727$31554185 801 #0 $aPT$bBN$gRPC 966 ## $lBN$mFGMON$sS.A. 193369 V.$x1 971 ## $cssilva$d20260304 972 ## $e0$z0$d20260406$vlrevez 973 ## $cigoulao$d20260320 975 ## $e0$d20260409$viquintas
|
|
|